Quilt and Other Stories (Record no. 10538)

MARC details
000 -LEADER
fixed length control field 00561nam a2200229 a 4500
020 ## - INTERNATIONAL STANDARD BOOK NUMBER
ISBN 8185107
082 00 - DEWEY DECIMAL CLASSIFICATION NUMBER
Classification number 891.4393
Author Cutter CHU
100 ## - MAIN ENTRY--AUTHOR NAME
Author name Chughtai, Ismat
245 ## - TITLE STATEMENT
Title Quilt and Other Stories
260 ## - PUBLICATION, DISTRIBUTION, ETC. (IMPRINT)
Place of publication Delhi
Name of publisher Kali for Women
Year of publication 1990
300 ## - PHYSICAL DESCRIPTION
Number of Pages 224p
500 ## - GENERAL NOTE
General note includes index and biblioraphy
505 2# - FORMATTED CONTENTS NOTE
Formatted contents note Legal Aid Handbook 1
650 ## - SUBJECT ADDED ENTRY--TOPICAL TERM
Topical Term Urdu-Fiction
942 ## - ADDED ENTRY ELEMENTS (KOHA)
Koha item type Books
Holdings
Collection code Home library Current library Date acquired Cost, normal purchase price Full call number Accession Number Koha item type
  Henry Martyn Institute Library Henry Martyn Institute Library 05/31/2007 80.00 891.4393 CHU 016519 Books
                   Copyright © 2026 | Henry Martyn Institute | Hyderabad | TS-500052 | INDIA | Implemented by hmi.edu.in
Hit-Count:

Powered by Koha